[Event "Quebec op"]
[Site "Montreal CAN"]
[Date "2006.07.15"]
[Round "9"]
[White "Pitre, Francois"]
[Black "Saint Amand, Paul"]
[Result "1/2-1/2"]
[WhiteElo "1997"]
[BlackElo "2040"]
[PlyCount "127"]
[EventDate "2006.07.08"]
[EventType "swiss"]
[EventRounds "9"]
[EventCountry "CAN"]

1. d4 Nf6 2. Nf3 e6 3. Nbd2 c5 4. e3 b6 5. Bd3 Bb7 6. c3 cxd4 7. exd4 Be7 8.
Qe2 d6 9. O-O Nbd7 10. Ne4 O-O 11. Bd2 h6 12. Bf4 Qc7 13. Nxf6+ Nxf6 14. Ba6
Rfc8 15. Bxb7 Qxb7 16. Rfe1 Qc6 17. Bd2 Qc4 18. Qxc4 Rxc4 19. b3 Rc7 20. Kf1 d5
21. Re3 Rac8 22. Be1 Bd6 23. h3 Ne4 24. c4 Nf6 25. cxd5 Nxd5 26. Re2 Rc2 27.
Bd2 Bb4 28. Bxb4 Nxb4 29. Ne1 Rc1 30. Rxc1 Rxc1 31. a3 Nd3 32. Re3 Nf4 33. h4
g6 34. g3 Nd5 35. Rd3 Ra1 36. b4 Ra2 37. Nf3 f6 38. Nd2 Kf7 39. Nc4 Ke7 40. Kg2
Rc2 41. Nd2 b5 42. Ne4 Nb6 43. Nc5 Nc4 44. a4 bxa4 45. Nxa4 Ra2 46. Nc3 Rb2 47.
b5 Nd6 48. Nd1 Rxb5 49. Ra3 Rb7 50. Ne3 Nb5 51. Ra4 Nc3 52. Ra5 Rd7 53. Rc5 Nd5
54. Kf3 h5 55. Ra5 Nb4 56. Ra4 Nd5 57. Nxd5+ exd5 58. Ra6 Kf7 59. Kf4 Kg7 60.
f3 Kf7 61. Ra5 Ke6 62. Ra6+ Ke7 63. g4 hxg4 64. fxg4 1/2-1/2

[Event "Quebec op"]
[Site "Montreal CAN"]
[Date "2006.07.15"]
[Round "9"]
[White "Poirier, Erik"]
[Black "Malette, Martin"]
[Result "1-0"]
[WhiteElo "2146"]
[BlackElo "2004"]
[PlyCount "55"]
[EventDate "2006.07.08"]
[EventType "swiss"]
[EventRounds "9"]
[EventCountry "CAN"]

1. d4 Nf6 2. c4 g6 3. Nc3 d5 4. cxd5 Nxd5 5. e4 Nxc3 6. bxc3 Bg7 7. Nf3 c5 8.
Rb1 cxd4 9. cxd4 Qa5+ 10. Bd2 Qxa2 11. Be2 O-O 12. O-O Bg4 13. Be3 Nc6 14. d5
Rfd8 15. Rxb7 e6 16. h3 exd5 17. hxg4 dxe4 18. Nd2 Ne5 19. Qb3 Rxd2 20. Rb8+
Rxb8 21. Qxb8+ Bf8 22. Qxe5 Qb2 23. Qxb2 Rxb2 24. Ba6 Bd6 25. Rd1 Be5 26. Bh6
Rb8 27. g3 e3 28. Bxe3 1-0

[Event "Quebec op"]
[Site "Montreal CAN"]
[Date "2006.07.15"]
[Round "9"]
[White "Sullivan, Neil"]
[Black "Robichaud, Louis"]
[Result "1/2-1/2"]
[WhiteElo "2125"]
[BlackElo "2081"]
[PlyCount "111"]
[EventDate "2006.07.08"]
[EventType "swiss"]
[EventRounds "9"]
[EventCountry "CAN"]

1. e4 e5 2. Nf3 Nc6 3. d4 exd4 4. Nxd4 Bc5 5. Be3 Qf6 6. c3 Nge7 7. Bc4 Ne5 8.
Be2 Qg6 9. O-O d6 10. f3 O-O 11. Kh1 Bb6 12. Bg1 f5 13. f4 Nf7 14. exf5 Nxf5
15. Nxf5 Bxf5 16. Nd2 Rae8 17. Nf3 Be4 18. Qd2 h6 19. Rae1 Bxg1 20. Kxg1 d5 21.
g3 c5 22. c4 d4 23. Nh4 Qc6 24. Bh5 Re6 25. b3 Nd6 26. Nf3 g6 27. Bg4 Re7 28.
Ne5 Qe8 29. Bf3 Bxf3 30. Nxf3 Nf5 31. Rxe7 Qxe7 32. Re1 Ne3 33. Ne5 Kh7 34. Qd3
Qe6 35. Qe4 Rb8 36. Qf3 h5 37. Qe4 b6 38. Qd3 Rg8 39. Nf3 Kg7 40. Ng5 Qc6 41.
Re2 Re8 42. h3 h4 43. g4 Rf8 44. Rf2 Kh6 45. Nf3 Rxf4 46. Nxh4 Qe4 47. Qxe4
Rxe4 48. Rf7 a5 49. Nf3 Nxg4 50. hxg4 Re2 51. Rf6 d3 52. Rd6 Rxa2 53. Rxd3 a4
54. bxa4 Rxa4 55. Ne5 Kg5 56. Rd6 1/2-1/2

[Event "Quebec op"]
[Site "Montreal CAN"]
[Date "2006.07.15"]
[Round "9"]
[White "Swathi, Ghate"]
[Black "Kunte, Abhijit"]
[Result "1/2-1/2"]
[WhiteElo "2376"]
[BlackElo "2535"]
[PlyCount "23"]
[EventDate "2006.07.08"]
[EventType "swiss"]
[EventRounds "9"]
[EventCountry "CAN"]

1. e4 d6 2. d4 Nf6 3. Nc3 g6 4. Be3 Bg7 5. Qd2 c6 6. f3 Nbd7 7. Bd3 Qc7 8. Nge2
b5 9. a4 b4 10. Nd1 Rb8 11. O-O O-O 12. c3 1/2-1/2

[Event "Quebec op"]
[Site "Montreal CAN"]
[Date "2006.07.15"]
[Round "9"]
[White "Voskanyan, Vahagn"]
[Black "Arsenault, Nicolas"]
[Result "1-0"]
[WhiteElo "2346"]
[BlackElo "2110"]
[PlyCount "67"]
[EventDate "2006.07.08"]
[EventType "swiss"]
[EventRounds "9"]
[EventCountry "CAN"]

1. e4 e6 2. d4 d5 3. Nc3 Nf6 4. Bg5 Bb4 5. e5 h6 6. Bd2 Bxc3 7. bxc3 Ne4 8. Qg4
g6 9. Bd3 Nxd2 10. Kxd2 c5 11. Nh3 Nc6 12. Rhb1 cxd4 13. cxd4 Na5 14. Rb4 Bd7
15. Rab1 Rc8 16. Nf4 Qg5 17. Qf3 b6 18. c3 h5 19. h3 h4 20. Rc1 Qh6 21. Ke1 g5
22. Ne2 f5 23. exf6 O-O 24. Qg4 Rxf6 25. f4 Rcf8 26. fxg5 Rf1+ 27. Kd2 Qg7 28.
Rxf1 Rxf1 29. Qxh4 Nc4+ 30. Bxc4 dxc4 31. Rxc4 Ra1 32. Nf4 Rxa2+ 33. Ke1 e5 34.
Nd5 1-0

[Event "Quebec op U1600"]
[Site "Montreal CAN"]
[Date "2006.07.07"]
[Round "1"]
[White "Berg-Brisebois, Karl-Alexander"]
[Black "Beauregard, Vincent"]
[Result "0-1"]
[WhiteElo "1407"]
[BlackElo "1048"]
[PlyCount "92"]
[EventDate "2006.07.07"]
[EventType "swiss"]
[EventRounds "9"]
[EventCountry "CAN"]

1. e4 d5 2. exd5 Qxd5 3. Nc3 Qa5 4. d4 c6 5. Nf3 Bg4 6. h3 Bxf3 7. Qxf3 Nf6 8.
Bc4 e6 9. Bg5 Be7 10. O-O Qxg5 11. Ne4 Nxe4 12. Qxe4 O-O 13. Bd3 g6 14. f4 Qd5
15. Qxd5 cxd5 16. c4 dxc4 17. Bxc4 Nc6 18. d5 exd5 19. Bxd5 Rad8 20. Rad1 Kg7
21. Rfe1 Bc5+ 22. Kh2 Rd7 23. Bxc6 Rxd1 24. Rxd1 bxc6 25. Rd7 Bb6 26. a4 Rd8
27. Rxd8 Bxd8 28. b3 Kf6 29. Kg3 Ke6 30. Kf3 Kd5 31. Ke3 Kc5 32. Kd3 Kb4 33.
Kc2 h5 34. g3 Bb6 35. Kb2 c5 36. g4 c4 37. bxc4 Kxc4 38. Ka3 Bc5+ 39. Kb2 Kb4
40. Kc2 Kxa4 41. Kd3 Kb4 42. Ke4 a5 43. Kd3 a4 44. Kc2 a3 45. Kb1 Kc4 46. Kc2
Kd4 0-1

[Event "Quebec op U1600"]
[Site "Montreal CAN"]
[Date "2006.07.07"]
[Round "1"]
[White "Hon, Ivan"]
[Black "Raymond, Gilles"]
[Result "1-0"]
[WhiteElo "1382"]
[BlackElo "981"]
[PlyCount "45"]
[EventDate "2006.07.07"]
[EventType "swiss"]
[EventRounds "9"]
[EventCountry "CAN"]

1. e4 c5 2. d4 cxd4 3. Qxd4 Nc6 4. Qa4 e6 5. Nf3 Qc7 6. Nc3 Bb4 7. Bd2 Qb6 8.
Bd3 a6 9. O-O d6 10. Rfe1 Bd7 11. Nd5 exd5 12. exd5+ Nce7 13. Qxb4 Qc7 14. Bc3
Nf6 15. Bxf6 gxf6 16. Qh4 O-O-O 17. Rxe7 Qb6 18. Qxf6 Bg4 19. Rae1 Bxf3 20.
gxf3 Rhg8+ 21. Kf1 Rge8 22. Rxe8 Rxe8 23. Rxe8+ 1-0

[Event "Quebec op U1600"]
[Site "Montreal CAN"]
[Date "2006.07.09"]
[Round "3"]
[White "Bolduc, Rene"]
[Black "Leclair, Marc-Andre"]
[Result "1-0"]
[WhiteElo "1503"]
[BlackElo "977"]
[PlyCount "41"]
[EventDate "2006.07.07"]
[EventType "swiss"]
[EventRounds "9"]
[EventCountry "CAN"]

1. d4 d5 2. c4 Nf6 3. Nf3 e6 4. Bg5 Be7 5. e3 Nbd7 6. Nc3 O-O 7. a3 c6 8. b4
dxc4 9. Bxc4 Nd5 10. Bxe7 Qxe7 11. Qb3 Nxc3 12. Qxc3 Nb6 13. Bd3 Nd5 14. Qc2 g6
15. h4 Qf6 16. Ne5 Rd8 17. h5 Kf8 18. hxg6 hxg6 19. Rh7 Ke8 20. Rxf7 Qh4 21.
Qc5 1-0

[Event "Quebec op U1600"]
[Site "Montreal CAN"]
[Date "2006.07.09"]
[Round "3"]
[White "Clement, Jean-Sebastien"]
[Black "Pilon, Denis"]
[Result "1-0"]
[WhiteElo "1153"]
[BlackElo "1303"]
[PlyCount "61"]
[EventDate "2006.07.07"]
[EventType "swiss"]
[EventRounds "9"]
[EventCountry "CAN"]

1. d4 d5 2. e3 e6 3. c4 Nf6 4. Nc3 Be7 5. Be2 O-O 6. Nf3 c5 7. Bd2 b6 8. Qc2
Nc6 9. a4 Bb7 10. Bd3 dxc4 11. Bxc4 cxd4 12. Ne4 Nxe4 13. Qxe4 dxe3 14. Bxe3
Na5 15. Qc2 Bxf3 16. gxf3 Bb4+ 17. Ke2 Rc8 18. b3 Qc7 19. Rac1 a6 20. Qe4 Nxc4
21. Rxc4 Qe7 22. Rxb4 Rfd8 23. Rxb6 Qa3 24. f4 Qb2+ 25. Kf3 Rc3 26. Rb1 Qd2 27.
Rxa6 g6 28. Ra8 Rxe3+ 29. fxe3 Kg7 30. Rxd8 Qxd8 31. Qe5+ 1-0

[Event "Quebec op U1600"]
[Site "Montreal CAN"]
[Date "2006.07.11"]
[Round "5"]
[White "Raymond, Gilles"]
[Black "Baril, Andre"]
[Result "0-1"]
[WhiteElo "981"]
[BlackElo "963"]
[PlyCount "76"]
[EventDate "2006.07.07"]
[EventType "swiss"]
[EventRounds "9"]
[EventCountry "CAN"]

1. e4 c5 2. Nf3 Nc6 3. d4 cxd4 4. Nxd4 Nxd4 5. Qxd4 d6 6. Bc4 e5 7. Qd3 a6 8.
Qf3 Qe7 9. Nc3 Nf6 10. Bg5 h6 11. Nd5 Bg4 12. Qg3 hxg5 13. Nxe7 Bxe7 14. O-O
Rc8 15. Qb3 O-O 16. Rfe1 b5 17. Be2 Be6 18. Qd3 g4 19. g3 Rc7 20. Kg2 Rfc8 21.
c3 d5 22. f3 dxe4 23. fxe4 Bd7 24. Rh1 Bc6 25. Qd1 Bxe4+ 26. Kf1 Bxh1 27. Bxg4
Nxg4 28. Qxg4 e4 29. Rd1 Bf3 30. Qf4 Bxd1 31. Qxe4 Rd8 32. Qe1 Bc2 33. Kg2 Bd3
34. b4 Bc4 35. a3 Bf6 36. Qc1 Bd5+ 37. Kh3 Rxc3 38. Qd2 Be6+ 0-1

[Event "Quebec op U1600"]
[Site "Montreal CAN"]
[Date "2006.07.12"]
[Round "6"]
[White "Adamowicz, Marek"]
[Black "Perrault, Victor"]
[Result "0-1"]
[WhiteElo "844"]
[BlackElo "1282"]
[PlyCount "52"]
[EventDate "2006.07.07"]
[EventType "swiss"]
[EventRounds "9"]
[EventCountry "CAN"]

1. c4 e5 2. Nc3 Nc6 3. d3 Bc5 4. e4 d6 5. f4 exf4 6. Bxf4 Qf6 7. g3 Bb4 8. Qd2
Nd4 9. Be3 c5 10. Bg5 Qe5 11. Bf4 Qf6 12. Bg5 Qg6 13. Be2 h6 14. Bf4 Ne7 15. e5
dxe5 16. Bxe5 Nec6 17. Bf4 O-O 18. Nf3 Re8 19. Kf2 Rxe2+ 20. Qxe2 Nxe2 21. Kxe2
Bg4 22. Ne4 Nd4+ 23. Kf2 Bxf3 24. Rhc1 Bxe4 25. dxe4 Qxe4 26. b3 Qf3+ 0-1

[Event "Quebec op U1600"]
[Site "Montreal CAN"]
[Date "2006.07.15"]
[Round "9"]
[White "Berg-Brisebois, Karl-Alexander"]
[Black "Varfalvy, Peter"]
[Result "1-0"]
[WhiteElo "1407"]
[BlackElo "1268"]
[PlyCount "50"]
[EventDate "2006.07.07"]
[EventType "swiss"]
[EventRounds "9"]
[EventCountry "CAN"]

1. e4 c6 2. d4 d5 3. Nc3 dxe4 4. Nxe4 Nd7 5. Bc4 e6 6. Nf3 Ngf6 7. Nxf6+ Nxf6
8. Be3 Be7 9. Qd3 O-O 10. O-O-O Nd5 11. Bd2 Bd7 12. Ne5 b5 13. Bb3 Bg5 14. Nxd7
Bxd2+ 15. Rxd2 Qxd7 16. h4 h6 17. g4 Qe7 18. g5 Nf4 19. Qe4 Ng6 20. gxh6 gxh6
21. h5 Nh8 22. Rg1+ Ng6 23. hxg6 fxg6 24. Qxg6+ Kh8 25. Qxh6+ Qh7 1-0

[Event "Quebec op U2000"]
[Site "Montreal CAN"]
[Date "2006.07.07"]
[Round "1"]
[White "Deschamps, Richard"]
[Black "Xavier-Bonifay, Jean-Luc"]
[Result "1-0"]
[WhiteElo "1982"]
[BlackElo "1675"]
[PlyCount "73"]
[EventDate "2006.07.07"]
[EventType "swiss"]
[EventRounds "9"]
[EventCountry "CAN"]

1. d4 d5 2. c4 e6 3. Nc3 Nf6 4. Bg5 Be7 5. e3 O-O 6. Bd3 dxc4 7. Bxc4 Nbd7 8.
Nf3 h6 9. Bh4 Nh7 10. Bxe7 Qxe7 11. Qc2 Ndf6 12. e4 Rd8 13. O-O b6 14. Rfe1 Bb7
15. Rad1 Nf8 16. e5 Nd5 17. Ne4 Ng6 18. g3 h5 19. a3 h4 20. Bd3 hxg3 21. hxg3
Qd7 22. Neg5 Nde7 23. Qe2 Bd5 24. Qf1 Bxf3 25. Nxf3 Nf5 26. Be4 Rac8 27. Bb7
Rb8 28. Be4 Rbc8 29. Qh3 Nf8 30. Kg2 Ng6 31. d5 Nfe7 32. Ng5 exd5 33. e6 Qc6
34. exf7+ Kf8 35. Bxg6 Nxg6 36. Qf5 Nh4+ 37. gxh4 1-0

[Event "Quebec op U2000"]
[Site "Montreal CAN"]
[Date "2006.07.07"]
[Round "1"]
[White "Goldner, John"]
[Black "Mok, Yuen Tak"]
[Result "1-0"]
[WhiteElo "1845"]
[BlackElo "1562"]
[PlyCount "99"]
[EventDate "2006.07.07"]
[EventType "swiss"]
[EventRounds "9"]
[EventCountry "CAN"]

1. e4 e5 2. Nf3 Nf6 3. Bc4 Nxe4 4. Nc3 Nf6 5. Nxe5 d5 6. Bb3 c6 7. d4 Bd6 8.
Bg5 Nbd7 9. Nxd7 Bxd7 10. Qe2+ Be6 11. O-O-O O-O 12. f3 b5 13. Qf2 a5 14. a4 b4
15. Ne2 Ne4 16. fxe4 Qxg5+ 17. Kb1 dxe4 18. h4 Qh6 19. d5 cxd5 20. Bxd5 e3 21.
Qf3 Rac8 22. g4 Bxd5 23. Rxd5 Qg6 24. Rf5 Rc4 25. Rd1 Rfc8 26. Nd4 Bf8 27. h5
Qb6 28. Rb5 Qc7 29. Rb7 Qe5 30. Qxf7+ Kh8 31. Rf1 Bd6 32. h6 Rg8 33. Nf5 Rxc2
34. hxg7+ Rxg7 35. Qxg7+ Qxg7 36. Nxg7 Rf2 37. Rxf2 exf2 38. Rf7 f1=Q+ 39. Rxf1
Kxg7 40. Rf5 Bc7 41. Kc2 Kg6 42. Rc5 Bd8 43. Rc8 Bf6 44. Ra8 Kg5 45. Rxa5+ Kxg4
46. Rb5 h5 47. Rxb4+ Kg3 48. a5 h4 49. a6 h3 50. a7 1-0

[Event "Quebec op U2000"]
[Site "Montreal CAN"]
[Date "2006.07.08"]
[Round "2"]
[White "Katch, Gary"]
[Black "Bergeron, Rene"]
[Result "1-0"]
[WhiteElo "1754"]
[BlackElo "1445"]
[PlyCount "107"]
[EventDate "2006.07.07"]
[EventType "swiss"]
[EventRounds "9"]
[EventCountry "CAN"]

1. e4 d5 2. exd5 Qxd5 3. Nf3 Bg4 4. Be2 Nc6 5. d4 O-O-O 6. c4 Qe4 7. Be3 Bxf3
8. Bxf3 Qg6 9. Nc3 f5 10. O-O e5 11. Bh5 Qf6 12. d5 g6 13. Qa4 gxh5 14. dxc6
Qxc6 15. Nb5 Qa6 16. Nxa7+ Kb8 17. Qxa6 bxa6 18. Nc6+ Kc8 19. Nxd8 Kxd8 20.
Rfd1+ Kc8 21. Bg5 Ne7 22. Bxe7 Bxe7 23. Rd5 Bf6 24. Rad1 h4 25. b3 Rg8 26. g3
hxg3 27. hxg3 h5 28. Kh2 Rg4 29. Rd7 h4 30. Rf7 hxg3+ 31. fxg3 Rg6 32. Rf8+ Kb7
33. Rd7 e4 34. Re8 Bc3 35. Rf7 Rg5 36. Ree7 Ba5 37. Re5 Be1 38. Rexf5 Bxg3+ 39.
Kg2 Rg6 40. Kf1 Re6 41. Ke2 e3 42. Rf3 Bf2 43. Rd7 a5 44. Rff7 Rc6 45. Rfe7 Kb6
46. Kd3 Kb7 47. Re5 Ra6 48. Rdd5 Kb6 49. Rb5+ Ka7 50. Rxa5 Kb7 51. Rxa6 Kxa6
52. Rxe3 Bxe3 53. Kxe3 Ka5 54. a3 1-0

[Event "Quebec op U2000"]
[Site "Montreal CAN"]
[Date "2006.07.08"]
[Round "2"]
[White "Panayotov, Ivo"]
[Black "Kayembe, Doris"]
[Result "0-1"]
[WhiteElo "1971"]
[BlackElo "1772"]
[PlyCount "116"]
[EventDate "2006.07.07"]
[EventType "swiss"]
[EventRounds "9"]
[EventCountry "CAN"]

1. e4 e6 2. d4 d5 3. exd5 exd5 4. Nf3 Bd6 5. Bd3 Ne7 6. O-O Nbc6 7. c3 Bg4 8.
Nbd2 Qd7 9. b4 O-O 10. Re1 Ng6 11. Nf1 Rae8 12. Ne3 Nf4 13. Nxg4 Qxg4 14. Bxf4
Qxf4 15. Qd2 Qxd2 16. Nxd2 g6 17. g3 f5 18. Bb5 Rxe1+ 19. Rxe1 Nb8 20. Kg2 c6
21. Bd3 Kf7 22. Nb3 Nd7 23. Na5 Rb8 24. Bc2 Kf6 25. Kf3 h6 26. Ke3 Bc7 27. Kd3
Bxa5 28. bxa5 Rd8 29. Ba4 Nf8 30. a6 b5 31. Bc2 Ne6 32. a4 Rb8 33. axb5 Rxb5
34. Ra1 Rb6 35. c4 Nc7 36. c5 Rxa6 37. Rxa6 Nxa6 38. Kc3 Ke7 39. h4 Nc7 40. Kd2
Nb5 41. Ke3 Kf6 42. Kd3 a5 43. Ba4 Na7 44. Kc3 g5 45. hxg5+ Kxg5 46. f3 h5 47.
Bd1 f4 48. g4 h4 49. Be2 h3 50. Bf1 h2 51. Bg2 Nb5+ 52. Kb3 Nxd4+ 53. Ka4 Ne6
54. Kxa5 Nxc5 55. Kb4 Nd3+ 56. Kc3 Nf2 57. Kd2 h1=Q 58. Bxh1 Nxh1 0-1

[Event "Quebec op U2000"]
[Site "Montreal CAN"]
[Date "2006.07.08"]
[Round "2"]
[White "Papineau (Montreal), Daniel"]
[Black "Airapetyan, David"]
[Result "1/2-1/2"]
[WhiteElo "1750"]
[BlackElo "1897"]
[PlyCount "91"]
[EventDate "2006.07.07"]
[EventType "swiss"]
[EventRounds "9"]
[EventCountry "CAN"]

1. c4 e6 2. Nc3 d5 3. d4 f5 4. Nf3 Nf6 5. Bf4 g6 6. e3 Bg7 7. Bd3 O-O 8. O-O b6
9. Ne5 Bb7 10. b4 Nbd7 11. Qa4 Nxe5 12. Bxe5 Ne4 13. Bxe4 Bxe5 14. Bf3 Bf6 15.
cxd5 exd5 16. Qb3 c6 17. b5 Rc8 18. bxc6 Bxc6 19. Bxd5+ Kg7 20. Bxc6 Rxc6 21.
Rac1 Qd7 22. Nd5 Rfc8 23. Nxf6 Kxf6 24. Qa4 Qb7 25. Qa3 b5 26. Rxc6+ Rxc6 27.
Qf8+ Qf7 28. Qd8+ Kg7 29. Qa5 Qb7 30. h3 Ra6 31. Qd2 Qd5 32. Ra1 Ra4 33. Qc2
Kh6 34. Rb1 Rxa2 35. Rxb5 Qxg2+ 36. Kxg2 Rxc2 37. Ra5 Rc7 38. Kg3 Kg5 39. e4
Rd7 40. h4+ Kf6 41. Ra6+ Kf7 42. exf5 gxf5 43. Ra4 Ke6 44. Kf4 h6 45. Ra6+ Rd6
46. Ra4 1/2-1/2

[Event "Quebec op U2000"]
[Site "Montreal CAN"]
[Date "2006.07.08"]
[Round "2"]
[White "Plante, Michel"]
[Black "Goldner, John"]
[Result "1-0"]
[WhiteElo "1968"]
[BlackElo "1845"]
[PlyCount "68"]
[EventDate "2006.07.07"]
[EventType "swiss"]
[EventRounds "9"]
[EventCountry "CAN"]

1. d4 d5 2. Nf3 Nf6 3. e3 e6 4. Nbd2 Bd6 5. Bd3 Nbd7 6. O-O c5 7. c3 O-O 8. Re1
b6 9. e4 dxe4 10. Nxe4 Be7 11. Bf4 Nd5 12. Bd2 cxd4 13. Nxd4 Ne5 14. Bc2 Nc4
15. Nc6 Qc7 16. Nxe7+ Qxe7 17. Bg5 f6 18. Bc1 Bb7 19. f4 f5 20. Ng5 Qc5+ 21.
Kh1 Nde3 22. Bxe3 Nxe3 23. Rxe3 Qxe3 24. Bb3 Rfe8 25. Qh5 h6 26. Qf7+ Kh8 27.
Nxe6 Rxe6 28. Bxe6 Qe4 29. Rg1 Rd8 30. h3 Bc6 31. Bxf5 Qe2 32. Qg6 Kg8 33. Qxc6
Re8 34. Qg6 Qe7 1-0

[Event "Quebec op U2000"]
[Site "Montreal CAN"]
[Date "2006.07.09"]
[Round "3"]
[White "Menard, Dominic"]
[Black "Plante, Michel"]
[Result "1-0"]
[WhiteElo "1926"]
[BlackElo "1963"]
[PlyCount "95"]
[EventDate "2006.07.07"]
[EventType "swiss"]
[EventRounds "9"]
[EventCountry "CAN"]

1. d4 d5 2. c4 e6 3. Nc3 c6 4. cxd5 exd5 5. Nf3 Bf5 6. Bf4 Qb6 7. Qc1 Nd7 8. h3
Be7 9. g4 Bg6 10. Bg2 Ngf6 11. O-O O-O 12. Rd1 Ne4 13. Nxe4 Bxe4 14. Ne5 Nxe5
15. Bxe4 dxe4 16. dxe5 Rfd8 17. Qc2 Rd5 18. b3 Bf8 19. Rf1 g5 20. Be3 Qc7 21.
Qxe4 Rxe5 22. Qf3 Rd8 23. Rad1 Red5 24. Rxd5 Rxd5 25. Rc1 Qd7 26. Qe4 b6 27.
Rc4 c5 28. Rc3 h6 29. Rd3 Rxd3 30. exd3 h5 31. gxh5 Qe6 32. Qxe6 fxe6 33. d4
cxd4 34. Bxd4 Kf7 35. a4 Ke7 36. a5 bxa5 37. Bxa7 Kd6 38. Bb6 a4 39. bxa4 Kc6
40. a5 Kb7 41. Kg2 Kc6 42. Kf3 Kb7 43. Ke4 Kc6 44. Ke5 Kb7 45. Kxe6 Ka6 46. Kf5
Kb5 47. f3 Kc6 48. Bd4 1-0

[Event "Quebec op U2000"]
[Site "Montreal CAN"]
[Date "2006.07.10"]
[Round "4"]
[White "Lalumiere, Claude"]
[Black "Menard, Dominic"]
[Result "1-0"]
[WhiteElo "1816"]
[BlackElo "1926"]
[PlyCount "136"]
[EventDate "2006.07.07"]
[EventType "swiss"]
[EventRounds "9"]
[EventCountry "CAN"]

1. e4 c5 2. Nf3 Nc6 3. d4 cxd4 4. Nxd4 Nf6 5. Nc3 e5 6. Ndb5 d6 7. Bg5 a6 8.
Bxf6 gxf6 9. Na3 b5 10. Nd5 Bg7 11. c3 f5 12. Bd3 Ne7 13. Nxe7 Qxe7 14. exf5 e4
15. Be2 O-O 16. Nc2 Bxf5 17. Ne3 Be6 18. Qd2 f5 19. g3 Rad8 20. a4 d5 21. Nc2
f4 22. gxf4 Qh4 23. Nd4 Bh3 24. Rg1 Rxf4 25. Rg3 Bd7 26. axb5 Rxf2 27. Kxf2
Qxh2+ 28. Rg2 Rf8+ 29. Nf3 Qh4+ 30. Kg1 exf3 31. Qxd5+ Kh8 32. Bxf3 Bh3 33.
Rxg7 Kxg7 34. Qe5+ Qf6 35. Qg3+ Kh8 36. Qxh3 axb5 37. Rf1 Rg8+ 38. Kh1 Qg6 39.
Bd5 Rd8 40. Bg2 Rg8 41. Qf3 Qh6+ 42. Kg1 Qb6+ 43. Qf2 Qxf2+ 44. Rxf2 Kg7 45.
Bf1 Kh6+ 46. Rg2 Rb8 47. Bd3 b4 48. cxb4 Rxb4 49. Rh2+ Kg5 50. Bxh7 Kg4 51. Bg8
Kf3 52. Bd5+ Ke3 53. Rh3+ Kd2 54. b3 Rg4+ 55. Kf2 Rf4+ 56. Rf3 Rg4 57. Bc4 Re4
58. Rf5 Kc3 59. Kf3 Re8 60. Bf7 Re1 61. Kf4 Re7 62. Kg5 Rb7 63. Kf6 Rb6+ 64.
Be6 Rb7 65. Bd5 Rb8 66. Ke5 Re8+ 67. Kd6 Rh8 68. Rf4 Rc8 1-0

[Event "Quebec op U2000"]
[Site "Montreal CAN"]
[Date "2006.07.10"]
[Round "4"]
[White "Millette, Sylvain"]
[Black "Goldner, John"]
[Result "1/2-1/2"]
[WhiteElo "1628"]
[BlackElo "1758"]
[PlyCount "50"]
[EventDate "2006.07.07"]
[EventType "swiss"]
[EventRounds "9"]
[EventCountry "CAN"]

1. Nf3 Nf6 2. g3 d5 3. Bg2 Nc6 4. d4 Bg4 5. h3 Bxf3 6. Bxf3 e5 7. dxe5 Nxe5 8.
Bg2 Bd6 9. Bg5 c6 10. c3 h6 11. Bxf6 Qxf6 12. Nd2 O-O-O 13. f4 Nd3+ 14. exd3
Rhe8+ 15. Kf2 g5 16. Qg4+ Kb8 17. f5 h5 18. Qxh5 Bxg3+ 19. Kxg3 Qe5+ 20. Kf2
Qe3+ 21. Kf1 Qxd3+ 22. Kg1 Qe3+ 23. Kh2 Qf4+ 24. Kg1 Qe3+ 25. Kh2 Qf4+ 1/2-1/2

[Event "Quebec op U2000"]
[Site "Montreal CAN"]
[Date "2006.07.11"]
[Round "5"]
[White "Goldner, John"]
[Black "Moore, Ronald"]
[Result "1-0"]
[WhiteElo "1758"]
[BlackElo "1669"]
[PlyCount "53"]
[EventDate "2006.07.07"]
[EventType "swiss"]
[EventRounds "9"]
[EventCountry "CAN"]

1. e4 d5 2. exd5 Nf6 3. d4 Nxd5 4. Nf3 Bg4 5. Be2 e6 6. O-O Be7 7. c4 Nf6 8.
Nc3 O-O 9. Be3 c6 10. Qb3 Qc7 11. Rac1 Nbd7 12. Rfd1 b6 13. h3 Bh5 14. Qc2 Rad8
15. d5 Bxf3 16. Bxf3 Ne5 17. Qe2 exd5 18. cxd5 Bd6 19. dxc6 Nxf3+ 20. Qxf3 Be5
21. Nb5 Rxd1+ 22. Rxd1 Qb8 23. Bd4 Bxd4 24. Rxd4 Re8 25. c7 Qc8 26. Qd1 Qe6 27.
Rd8 1-0

[Event "Quebec op U2000"]
[Site "Montreal CAN"]
[Date "2006.07.12"]
[Round "6"]
[White "Lopez Linares, Lizandro"]
[Black "Lalumiere, Claude"]
[Result "0-1"]
[WhiteElo "1814"]
[BlackElo "1816"]
[PlyCount "62"]
[EventDate "2006.07.07"]
[EventType "swiss"]
[EventRounds "9"]
[EventCountry "CAN"]

1. d4 Nf6 2. Bg5 d5 3. Nf3 e6 4. e3 Be7 5. c4 c5 6. Nc3 O-O 7. Rc1 cxd4 8. exd4
Nc6 9. Qa4 Bd7 10. cxd5 Nxd5 11. Bxe7 Ncxe7 12. Qb3 Nb6 13. Be2 Bc6 14. O-O Ng6
15. Rfd1 Qf6 16. d5 Nxd5 17. Ne4 Qe7 18. Nd4 Ndf4 19. Nxc6 Nxe2+ 20. Kf1 Qh4
21. Rc4 bxc6 22. Kxe2 Rab8 23. Qc2 Qh5+ 24. Ke1 Qe5 25. Kf1 Rxb2 26. Qc1 Rxa2
27. Nc3 Ra5 28. Rxc6 Qxh2 29. Qe3 Re5 30. Qh3 Qxh3 31. gxh3 Nf4 0-1

[Event "Quebec op U2000"]
[Site "Montreal CAN"]
[Date "2006.07.12"]
[Round "6"]
[White "Perreault, Jacques"]
[Black "Goldner, John"]
[Result "0-1"]
[WhiteElo "1548"]
[BlackElo "1758"]
[PlyCount "44"]
[EventDate "2006.07.07"]
[EventType "swiss"]
[EventRounds "9"]
[EventCountry "CAN"]

1. Nf3 c5 2. g3 Nc6 3. c4 g6 4. Nc3 Bg7 5. Bg2 e6 6. O-O Nge7 7. e4 O-O 8. d3
d6 9. Rb1 a6 10. a3 Rb8 11. Bd2 b5 12. b4 cxb4 13. axb4 bxc4 14. b5 axb5 15.
Nxb5 cxd3 16. Bc3 Rxb5 17. Bxg7 Rxb1 18. Qxb1 Kxg7 19. Qxd3 Qa5 20. Rb1 Ba6 21.
Qxd6 Rd8 22. Qf4 e5 0-1

[Event "Quebec op U2000"]
[Site "Montreal CAN"]
[Date "2006.07.13"]
[Round "7"]
[White "Deschamps, Richard"]
[Black "Bonifay, Xavier"]
[Result "1-0"]
[WhiteElo "1982"]
[BlackElo "1597"]
[PlyCount "43"]
[EventDate "2006.07.07"]
[EventType "swiss"]
[EventRounds "9"]
[EventCountry "CAN"]

1. d4 d6 2. c4 Nf6 3. Nc3 g6 4. e4 Bg7 5. Be2 Nbd7 6. Be3 O-O 7. g4 e5 8. g5
Nh5 9. Bxh5 gxh5 10. Nf3 exd4 11. Nxd4 Ne5 12. Qe2 Bg4 13. f3 c5 14. fxg4 cxd4
15. Bxd4 Qxg5 16. gxh5 Nf3+ 17. Qxf3 Bxd4 18. h4 Qe5 19. O-O-O Rac8 20. Rxd4
Qxd4 21. Rd1 Qxc4 22. Rg1+ 1-0

[Event "Quebec op U2000"]
[Site "Montreal CAN"]
[Date "2006.07.13"]
[Round "7"]
[White "Goldner, John"]
[Black "Airapetyan, David"]
[Result "1-0"]
[WhiteElo "1758"]
[BlackElo "1897"]
[PlyCount "85"]
[EventDate "2006.07.07"]
[EventType "swiss"]
[EventRounds "9"]
[EventCountry "CAN"]

1. e4 e5 2. Nf3 Nc6 3. Bb5 Nd4 4. Nxd4 exd4 5. O-O Nf6 6. e5 Nd5 7. Bc4 Nb6 8.
Bb3 Be7 9. Qg4 O-O 10. d3 d5 11. Qe2 Be6 12. f4 Qc8 13. a4 a5 14. Na3 c5 15.
Nb5 c4 16. Ba2 cxd3 17. cxd3 Nxa4 18. Nxd4 Qd7 19. Be3 Bg4 20. Qf2 f6 21. Nf3
Nc5 22. Bxc5 Bxf3 23. Bxe7 Bxg2 24. Qxg2 Qxe7 25. Bxd5+ Kh8 26. d4 Ra7 27. Rfc1
Qb4 28. Rc4 Qe7 29. Rac1 b5 30. Rc8 Rd7 31. Rxf8+ Qxf8 32. Rc5 fxe5 33. fxe5 h6
34. Qg4 Qd8 35. Qe4 Qg5+ 36. Qg2 Qe3+ 37. Qf2 Qg5+ 38. Kh1 Rd8 39. Qg2 Qh4 40.
Qg1 Rb8 41. Rc7 g5 42. Qb1 Qe1+ 43. Qxe1 1-0